| 000 | 00490nam a22001697a 4500 | ||
|---|---|---|---|
| 020 | _a9788120340152 | ||
| 082 | _a621.31 CHA | ||
| 100 | _aChakrabarti, Abhijit | ||
| 245 | _aPower system analysis operation and control | ||
| 250 | _a3rd ed. | ||
| 260 |
_aNew Delhi, India _bPHI Learning _c2010 |
||
| 300 |
_axxvi, 1270 p. _bill. ; |
||
| 500 | _aIncludes index. | ||
| 650 | _a1. Electric power systems. 2. TECHNOLOGY & ENGINEERING / Electrical. | ||
| 700 | _aHalder, Sunita | ||
| 942 | _cBK | ||
| 999 |
_c12507 _d12507 |
||